| 000 | 00700nam a2200205 a 4500 | ||
|---|---|---|---|
| 001 | 000028034 | ||
| 005 | 20240430192715.0 | ||
| 008 | 090911s1999 dr a 000 0 spa d | ||
| 020 | _a8495193027 | ||
| 040 |
_aDO-SdBNP _bspa _cBNPHU |
||
| 082 |
_a378.242 _bH557g |
||
| 100 | 1 |
_aHernández Castillo, Fernando _921544 |
|
| 245 | 1 | 0 |
_aGuía práctica para la realización y redacción de una monografía / _cFernando Hernández Castillo. |
| 260 |
_aSantiago de los Caballeros, : _bUniversidad Abierta para Adulto, _c1999 _fEditora Búho |
||
| 300 |
_a42 p. : ; _c21 cm. |
||
| 504 | _aBibliografía: p. 38-42 | ||
| 650 | 0 |
_aTesis y disertaciones académicas _919630 |
|
| 049 | _aBNPD | ||
| 049 | _aBNPD | ||
| 999 |
_c27526 _d27526 |
||